Zatímco spíš-- /

Hlavní autor: Emmerová, Milada, 1944-
Jazyk: Čeština
Vydáno: Plzeň : Nava, 2009
Vydání: Vyd. 1.
Témata:
Externí odkaz: Digitalizovaný dokument
Fyzický popis: 88 s., [28] s. obr. příl. : il. (některé barev.), portréty, faksim. ; 22 cm
Knihy
Uloženo v:
LEADER 01885nam a2200517 a 4500
001 nkc20092023482
003 CZ PrNK
005 20100212092132.0
007 ta
008 091216s2009 xr acfhe 000 1acze
015 |a cnb002023482 
020 |a 978-80-7211-335-4  |q (váz.) 
035 |a (OCoLC)551394812 
040 |a ABA001  |b cze 
043 |a e-xr--- 
045 |a x4y0 
072 7 |a 616  |x Patologie. Klinická medicína  |2 Konspekt  |9 14 
072 7 |a 929  |x Biografie  |2 Konspekt  |9 8 
080 |a 929  |2 MRF 
080 |a 616-055.2  |2 MRF 
080 |a 32-055.2  |2 MRF 
080 |a (437.3)  |2 MRF 
080 |a (0:82-94)  |2 MRF 
080 |a (0:82-6)  |2 MRF 
100 1 |a Emmerová, Milada,  |d 1944-  |7 jn19981000977  |4 aut 
245 1 0 |a Zatímco spíš-- /  |c Milada Emmerová 
250 |a Vyd. 1. 
260 |a Plzeň :  |b Nava,  |c 2009 
300 |a 88 s., [28] s. obr. příl. :  |b il. (některé barev.), portréty, faksim. ;  |c 22 cm 
504 |a Obsahuje bibliografii 
600 1 7 |a Emmerová, Milada,  |d 1944-  |7 jn19981000977  |2 czenas 
648 4 |a 1944-2009 
650 0 7 |a lékařky  |7 ph137964  |z Česko  |y 20.-21. století  |2 czenas 
650 0 7 |a političky  |7 ph216803  |z Česko  |y 20.-21. století  |2 czenas 
650 0 9 |a women physicians  |z Czechia  |y 20th-21st centuries  |2 eczenas 
650 0 9 |a women politicians  |z Czechia  |y 20th-21st centuries  |2 eczenas 
655 7 |a autobiografické vzpomínky  |7 fd131854  |2 czenas 
655 7 |a fiktivní korespondence  |7 fd132255  |2 czenas 
655 9 |a autobiographical reminiscences  |2 eczenas 
655 9 |a imaginary letters  |2 eczenas 
856 4 1 |u http://www.digitalniknihovna.cz/mzk/uuid/uuid:1d7b17e0-2abd-11e5-b44d-005056827e51  |y Digitalizovaný dokument  |x NDK 
910 2 |a BOA001  |b 2-1234.468 
990 |a BK 
995 |a 01 
991 |b 201001 
996 6 |b 2610403721  |c 2-1234.468  |l MZK  |r Sklad / do 1 hodiny  |n 0  |p p.v.  |w 001100686  |u 000010  |a 1  |e BOA001  |j MZK50  |s P